Postavenie Medzinárodnej zdravotníckej organizácie v medzinárodnom práve bakalárska práca

Salvato in:
Dettagli Bibliografici
Autore principale: Páldiová, Henrieta
Ente Autore: Fakulta medzinárodných vzťahov EU. Katedra medzinárodného práva
Altri autori: Hraníková Pyteľová, Klaudia, 1985-
Natura: Libro
Lingua:slovacco
Pubblicazione: Bratislava 2021
Tags: Aggiungi Tag
Nessun Tag, puoi essere il primo ad aggiungerne!!

MARC

LEADER 00000nbm a2200000 4500
001 0275412
005 20220222102920.8
041 0 |a slo 
044 |a SK 
245 1 0 |a Postavenie Medzinárodnej zdravotníckej organizácie v medzinárodnom práve  |b bakalárska práca  |c Henrieta Páldiová ; školiteľ: Klaudia Hraníková Pyteľová 
264 1 |a Bratislava  |c 2021 
300 |a 48 s. 
100 1 |a Páldiová, Henrieta 
700 1 |a Hraníková Pyteľová, Klaudia, 1985- 
710 2 |a Fakulta medzinárodných vzťahov EU. Katedra medzinárodného práva